Finančná analýza a jej význam pre ohodnocovanie podniku diplomová práca

Salvato in:
Dettagli Bibliografici
Autore principale: Tutmacherová, Lucia
Ente Autore: Fakulta podnikového manažmentu EU. Katedra podnikových financií
Altri autori: Smorada, Marián, 1984-
Natura: Libro
Lingua:slovacco
Pubblicazione: Bratislava 2015
Tags: Aggiungi Tag
Nessun Tag, puoi essere il primo ad aggiungerne!!

MARC

LEADER 00000nbm a2200000 4500
001 0201232
005 20161212100950.3
041 0 |a slo 
044 |a SK 
245 1 0 |a Finančná analýza a jej význam pre ohodnocovanie podniku  |b diplomová práca  |c Lucia Tutmacherová ; školiteľ: Marián Smorada 
264 1 |a Bratislava  |c 2015 
300 |a 79 s. 
100 1 |a Tutmacherová, Lucia 
700 1 |a Smorada, Marián, 1984- 
710 2 |a Fakulta podnikového manažmentu EU. Katedra podnikových financií